| 000 | 01424nmc a2200409 a 4500 | ||
|---|---|---|---|
| 003 | AR-BaBNM | ||
| 005 | 20251128210947.0 | ||
| 008 | 011101s2001 ||||||||||||||000 | spa|| | ||
| 020 | _a84-95294-26-5 | ||
| 040 | _cAR-BaBNM | ||
| 245 | 1 | 0 |
_aEl libro de texto en la escuela _btextos y lecturas |
| 260 |
_aBuenos Aires _bUniversidad Nacional de Luján. Departamento de Educación _bMiño y Dávila _c2001 |
||
| 300 | 0 |
_a253 p. _bgráf., tablas |
|
| 490 | 0 | _aInvestigaciones en Educación | |
| 500 | 0 | _aContiene índice de cuadros y gráficos | |
| 500 | 0 | _aContiene anexo con modelos de instrumentos p. 107-109 y 240-242 | |
| 504 | _aContiene bibliografía al final de cada capítulo | ||
| 650 | 4 | _aLIBROS DE TEXTO | |
| 650 | 4 | _aHISTORIA DE LA EDUCACION | |
| 650 | 4 | _aENSENANZA DE LAS CIENCIAS SOCIALES | |
| 650 | 4 | _aCURRICULO | |
| 650 | 4 | _aGENEROS LITERARIOS | |
| 650 | 4 | _aMATERIALES DE ENSENANZA | |
| 650 | 4 | _aCUENTOS | |
| 650 | 4 | _aRESULTADOS DE INVESTIGACION | |
| 651 | 4 | _aArgentina | |
| 653 | 0 | _aENSENANZA DE LA LENGUA | |
| 653 | 0 | _aINVESTIGACION EDUCATIVA | |
| 653 | 0 | _aHISTORIETAS | |
| 700 | 1 |
_aCarbone, Graciela María _edirectora |
|
| 700 | 1 |
_aCoduras, Luisa _ecolaborador |
|
| 700 | 1 |
_aMartinelli, Silvia _ecolaborador |
|
| 700 | 1 |
_aRodríguez, Luis María _ecolaborador |
|
| 700 | 1 |
_aWatson, María Teresa _ecolaborador |
|
| 700 | 1 |
_aRodríguez, María Elena _econsultor |
|
| 942 | _cBK | ||
| 999 |
_c17643 _d17643 |
||